| 000 -LEADER |
| fixed length control field |
00696nam a2200241Ia 4500 |
| 001 - CONTROL NUMBER |
| control field |
8550 |
| 003 - CONTROL NUMBER IDENTIFIER |
| control field |
GE_BSU |
| 008 - FIXED-LENGTH DATA ELEMENTS--GENERAL INFORMATION |
| fixed length control field |
181216s||||||||xx |||||||||||||| ||und|| |
| 020 ## - INTERNATIONAL STANDARD BOOK NUMBER |
| International Standard Book Number |
978994021659 |
| 040 ## - CATALOGING SOURCE |
| Transcribing agency |
GE_BSU |
| 080 ## - UNIVERSAL DECIMAL CLASSIFICATION NUMBER |
| Universal Decimal Classification number |
821.353.1-31 |
| 100 ## - MAIN ENTRY--PERSONAL NAME |
| Personal name |
კუდბა,ანზორ |
| 245 ## - TITLE STATEMENT |
| Title |
ფიქრის სავარძელი |
| 245 ## - TITLE STATEMENT |
| Remainder of title |
რომანი |
| 245 ## - TITLE STATEMENT |
| Statement of responsibility, etc. |
რედ. სანდრო ბერიძე |
| 260 ## - PUBLICATION, DISTRIBUTION, ETC. |
| Place of publication, distribution, etc. |
ბათუმი |
| 260 ## - PUBLICATION, DISTRIBUTION, ETC. |
| Name of publisher, distributor, etc. |
გამ–ბა აჭარა |
| 260 ## - PUBLICATION, DISTRIBUTION, ETC. |
| Date of publication, distribution, etc. |
2013 |
| 300 ## - PHYSICAL DESCRIPTION |
| Extent |
320გვ.19სმ. |
| 653 ## - INDEX TERM--UNCONTROLLED |
| Uncontrolled term |
რომანი |
| 653 ## - INDEX TERM--UNCONTROLLED |
| Uncontrolled term |
ფიქრის სავარძელი |
| 942 ## - ADDED ENTRY ELEMENTS (KOHA) |
| Koha item type |
წიგნი |